V Krásnej pozorovali hlaholku Ochranári vyhodnotili víkend s vtáctvom v Európe

Podrobná bibliografia
Hlavný autor: sam (Autor)
Médium: Článok
Jazyk:slovenčina
Predmet:

MARC

LEADER 00000nab a2200000 a 4500
001 vtls000898754
003 SK-MaSNL
005 20260304034139.0
008 040720e19981019xo 0 slo
035 |a KE7760 
040 |a KEVKJB  |b slo  |c KEVKJB  |e AACR2 
041 0 |a slo 
044 |a xo  |c SK 
080 |a 502.7  |2 1981 
100 0 |a sam  |4 aut  |9 872790 
245 1 0 |a V Krásnej pozorovali hlaholku  |b Ochranári vyhodnotili víkend s vtáctvom v Európe 
650 0 7 |a ornitológia  |2 KEVKJB  |9 27379 
650 0 7 |a vtáky  |2 KEVKJB  |9 2762 
650 0 7 |a xxy   |2 KEVKJB  |9 88208 
650 0 7 |a pozorovanie  |2 KEVKJB  |9 285928 
650 0 7 |a informácie  |2 KEVKJB  |9 1285 
651 7 |a Košice (Slovensko)  |2 KEVKJB  |9 18694 
651 7 |a Krásna nad Hornádom (Krásna, Košice IV, Slovensko)  |2 KEVKJB  |9 79319 
651 7 |a KE,  |2 KEVKJB  |9 877256 
655 7 |a periodikum  |2 snkbucl  |9 29553 
773 0 8 |t Košický večer  |g Roč. 9  |g Roč. 30, č.200, 19.10.1998, s. 4 
852 |a ZVYKNI  |b KIS3GCP 
999 |c 2651626  |d 2653556